Hide and Seek - Countries #6 - Statistics

General Stats
  • This quiz has been taken 25 times
  • The average score is 13 of 19
Answer Stats
Answer % Correct
Indonesia
91%
Japan
86%
Austria
82%
Denmark
82%
Turkey
82%
Canada
77%
Poland
77%
Monaco
73%
Qatar
68%
Singapore
68%
All their flags only have red and white.
64%
Peru
64%
Bahrain
59%
Latvia
55%
Malta
55%
Switzerland
55%
Tunisia
50%
Georgia
45%
Tonga
36%
No matching quizzes found
Score Distribution
Percent of People with Each Score
Percentile by Number Answered
Your Score History
You have not taken this quiz